Geography Quiz

Random Geography or World Quiz

'L' Countries Quiz Stats

 Plays Quiz Updated Aug 5, 2013

     
Support Sporcle.
Go Orange.
Score 0/9 Timer 02:00
10 Plays Today
Country % Correct
Lithuania
87.6%
Latvia
86.8%
Laos
86.4%
Luxembourg
77.8%
Libya
77.6%
Liberia
76.9%
Liechtenstein
73.6%
Lesotho
69.4%
Lebanon
68.2%

From the Vault

2018 Sweet 16 Teams

by metakoopa99

Sports 4m
This quiz is short and sweet.
Remove Ads.
Support Sporcle.
Get the best of Sporcle when you Go Orange. This ad-free experience offers more features, more stats, and more fun while also helping to support Sporcle. Thank you for becoming a member.

Show Comments

Extras

Top Quizzes Today


Score Distribution

Your Account Isn't Verified!

In order to create a playlist on Sporcle, you need to verify the email address you used during registration. Go to your Sporcle Settings to finish the process.

Report this User

Report this user for behavior that violates our Community Guidelines.

Details: